000 00615nam a2200217Ia 4500
001 14802
003 GE_BSU
008 181216s||||||||xx |||||||||||||| ||und||
040 _cGE_BSU
080 _a51(075.32)
100 _aАндронов, И.К.
245 _aМатематика для техникумов
245 _bКурс единой математики
245 _cРед. М.И.Ромакин.
260 _aМосква
260 _bВысшая школа.
260 _c1965
300 _a823стр.26см.
653 _aМатематика для техникумов
942 _cBK
999 _c47925
_d47925